| 000 | 03457cam a2200481 i 4500 | ||
|---|---|---|---|
| 001 | 17457683 | ||
| 003 | NUST | ||
| 005 | 20210111105952.0 | ||
| 008 | 120910s2013 flua b 001 0 eng | ||
| 010 | _a 2012028504 | ||
| 020 | _a9781591690375 (hardback : acidfree paper) | ||
| 038 | _aSNS Library Staff | ||
| 040 |
_aDLC _beng _cDLC _erda _dDLC |
||
| 042 | _apcc | ||
| 050 | 0 | 0 |
_aQA901 _b.A53 2013 |
| 082 | 0 | 0 |
_a532 PLE 2013 _223 |
| 084 |
_aSCI065000 _aSCI085000 _aTEC009070 _2bisacsh |
||
| 100 | 1 |
_aAnderson, Dale A. john C. Tannehill Richard H. Pletcher _q(Dale Arden), _d1936- _935564 |
|
| 245 | 1 | 0 |
_aComputational Fluid Mechanics and Heat Transfer _cRichard H. Pletcher, John C. Tannehill, Dale A. Anderson. |
| 250 | _aThird edition. | ||
| 264 | 1 |
_aBoca Raton : _bCRC Press, Taylor & Francis Group, _c[2013] |
|
| 300 |
_axx, 753 pages : _billustrations ; _c26 cm. |
||
| 336 |
_atext _2rdacontent |
||
| 337 |
_aunmediated _2rdamedia |
||
| 338 |
_avolume _2rdacarrier |
||
| 440 |
_aComputational Fluid Mechanics and Heat Transfer _935565 |
||
| 490 | 0 | _aSeries in computational and physical processes in mechanics and thermal sciences | |
| 504 | _aIncludes bibliographical references (pages 705-740) and index. | ||
| 520 |
_a"Thoroughly updated to include the latest developments in the field, this classic text on finite-difference and finite-volume computational methods maintains the fundamental concepts covered in the first edition. As an introductory text for advanced undergraduates and first-year graduate students, Computational Fluid Mechanics and Heat Transfer, Third Edition provides the background necessary for solving complex problems in fluid mechanics and heat transfer. Divided into two parts, the book first lays the groundwork for the essential concepts preceding the fluids equations in the second part. It includes expanded coverage of turbulence and large-eddy simulation (LES) and additional material included on detached-eddy simulation (DES) and direct numerical simulation (DNS). Designed as a valuable resource for practitioners and students, new homework problems have been added to further enhance the student's understanding of the fundamentals and applications."-- _cProvided by publisher. |
||
| 520 |
_a"It is essential that courses evolve as technology advances and new knowledge comes forth. However, not every new twist will have a permanent impact on the discipline. A number of new developments have been included in this edition while preserving the fundamental elements of the discipline covered in earlier editions"-- _cProvided by publisher. |
||
| 650 | 0 |
_aFluid mechanics. _91678 |
|
| 650 | 0 |
_aHeat _xTransmission. _91537 |
|
| 650 | 7 |
_aSCIENCE / Mechanics / Dynamics / Thermodynamics. _2bisacsh _9508 |
|
| 650 | 7 |
_aSCIENCE / Mechanics / Dynamics / Fluid Dynamics. _2bisacsh _935566 |
|
| 650 | 7 |
_aTECHNOLOGY & ENGINEERING / Mechanical. _2bisacsh _910940 |
|
| 700 | 1 |
_aPletcher, Richard H. _91697 |
|
| 700 | 1 |
_aTannehill, John C. _91694 |
|
| 775 | 0 | 8 |
_iRevision of: _aTannehill, John C. _tComputational fluid mechanics and heat transfer _b2nd ed. _dWashington, DC : Taylor & Francis, 1997 _nQA901.A53 1997 _w(DLC) 96041097 |
| 856 | 4 | 2 |
_3Cover image _uhttp://jacketsearch.tandf.co.uk/common/jackets/covers/websmall/978159169/9781591690375.jpg |
| 906 |
_a7 _bcbc _corignew _d1 _eecip _f20 _gy-gencatlg |
||
| 942 |
_2ddc _cBK _e3rd ed. _k532PLE2013 |
||
| 999 |
_c541210 _d541210 |
||